Govt. of
Madhya Pradesh

Normal view MARC view

Entry Personal Name

Number of records used in: 1

001 - CONTROL NUMBER

  • control field: 84010

003 - CONTROL NUMBER IDENTIFIER

  • control field: OSt

005 - DATE AND TIME OF LATEST TRANSACTION

  • control field: 20260410124933.0

008 - FIXED-LENGTH DATA ELEMENTS

  • fixed length control field: 260410|| aca||aabn | a|a d

040 ## - CATALOGING SOURCE

  • Original cataloging agency: OSt
  • Transcribing agency: OSt

100 ## - HEADING--PERSONAL NAME

  • Personal name: पाण्‍डेय , डॉ .नूतन

670 ## - SOURCE DATA FOUND

  • Source citation: Work cat.: (OSt)69030: पाण्‍डेय , डॉ .नूतन, प्रवासी साहित्‍य विश्‍व के हिंदी साहित्‍यकारों से संवाद खण्‍ड -2, 2012